00259nam a2200121Ia 45000030006000000080041000060400015000471000017000622450020000792600009000995460012001080050017001200STCL150530s9999 xx 000 0 und d aSTCLcSTCL aJohn Gardner aNickel mountain c1973 aEnglish20220125171343.0